000
00302nam a22001097a 4500
082
_a
400
100
_a
Shukla,Rahul
_9
79447
245
_a
SSC एस एस सी Spelling Rules Anglo-HIndi
260
_a
नई दिल्ली
_b
Guider Compatitive Group
_c
2020
650
_a
GK
_9
79451
942
_c
HIN
999
_c
63062
_d
63062